Pokémon Letter "P" for each type - Statistics

General Stats
  • This quiz has been taken 8 times
  • The average score is 14 of 17
Answer Stats
Type Pokémon % Correct
Electric Pachirisu|Pawmi|Pawmo|Pawmot|Pichu|Pikachu|Pincurchin|Plusle
100%
Fighting Pancham|Pangoro|Passimian|Pawmo|Pawmot|Pheromosa|Pignite|Poliwrath|Primeape
100%
Fire Pansear|Pignite|Ponyta|Pyroar
100%
Normal Patrat|Persian|Pidgeot|Pidgeotto|Pidgey|Pidove|Pikipek|Porygon|Porygon2|Porygon-Z| Purugly|Pyroar
100%
Flying Pelipper|Pidgeot|Pidgeotto|Pidgey|Pidove|Pikipek
100%
Water Palafin|Palpitoad|Palkia|Panpour|Pelipper|Phione|Piplup|Politoed|Poliwag|Poliwhirl| Poliwrath|Popplio|Primarina|Prinplup|Psyduck|Pyukumuku
83%
Dark Pangoro|Pawniard|Poochyena|Purrloin
83%
Grass Pansage|Paras|Parasect|Petilil|Phantump|Poltchageist|Pumpkaboo
83%
Steel Pawniard|Perrserker|Probopass
83%
Dragon Palkia
67%
Ground Palossand|Palpitoad|Phanpy|Piloswine|Pupitar
67%
Bug Paras|Parasect|Pheromosa|Pineco|Pinsir
67%
Poison Pecharunt|Poipole
67%
Ice Piloswine
67%
Fairy Primarina
67%
Rock Probopass|Pupitar
67%
Ghost Palossand|Pecharunt|Phantump|Poltchageist|Polteageist|Pumpkaboo
50%
No matching quizzes found
Score Distribution
Percent of People with Each Score
Percentile by Number Answered
Your Score History
You have not taken this quiz